Bizarreries and fantasies of Grandville

Պահպանված է:
Մատենագիտական մանրամասներ
Հիմնական հեղինակ: Appelbaum, Stanley (Հեղինակ)
Ձևաչափ: Գիրք
Լեզու:անգլերեն
Հրապարակվել է: Nueva York Dover 1974
Շարք:Collections of Fine Art in Dover Books
Խորագրեր:
Ցուցիչներ: Ավելացրեք ցուցիչ
Չկան պիտակներ, Եղեք առաջինը, ով նշում է այս գրառումը!

MARC

LEADER 00000nam a2200000 a 4500
001 UCT3656
003 CL-VaPUC
008 961024e19740000US |||||||||||||||||eng|d
082 0 4 |a 741.5  |b APP  |2 21 
100 0 |a Appelbaum, Stanley  |e author  |9 372587 
245 1 0 |a Bizarreries and fantasies of Grandville 
300 |a 165 p 
942 |c BK 
945 |d 19961024 00:00:00  |a rleighto 
260 |a Nueva York  |b Dover  |c 1974 
600 0 7 |a GRANDVILLE  |2 CL-VaPUC  |9 372588 
600 0 7 |a GERARD, JEAN IGNACE ISIDORE  |2 CL-VaPUC  |9 372589 
650 0 |a Caricaturas  |9 359381 
650 0 |a Dibujos  |9 264123 
650 0 |a Artistas   |9 262026 
650 0 |a Obras de arte  |9 337253 
650 0 |a Pintura francesa  |9 266122 
583 |a last modification  |c 19961024 00:00:00  |k Rodrigo Vera 
490 0 |a Collections of Fine Art in Dover Books 
999 |c 253218  |d 253216 
952 |0 0  |1 0  |4 0  |6 741_500000000000000_APP_1974  |7 0  |8 A  |9 273875  |a BIBARQ  |b BIBARQ  |d 2019-11-19  |i 3244318  |o 741.5 APP 1974  |p 3244318  |r 2025-01-20  |w 2019-11-19  |y BK  |k ARQ